000 00434nam a22001457a 4500
999 _c525416
_d525416
008 240301b ||||| |||| 00| 0 eng d
100 _aPuniyani, Ram
_950174
245 _aGandhi’s Murder: Nathuram Godse’s arguments deconstructed
260 _aSocial Scientist
300 _a51(11-12), Nov-Dec, 2023: p.27-38
650 _aGandhi, M.K.
_950175
773 _aSocial Scientist
906 _aINDIA - HISTORY
942 _cAR